Players who haven't won the UCL with Real Madrid - Sudden Death - Statistics

General Stats
  • This quiz has been taken 440 times
  • The average score is 3 of 10
Answers on the Grid
Answers color-coded by a green-red scale on the quiz's grid according to % correct below.
Fernando Hierro
David Beckham
Arjen Robben
Guti
Emilio Butragueño
Ronaldo Nazário
Pepe
Claude Makélélé
Fabio Cannavaro
Kaká
Gonzalo Higuaín
Michael Owen
Nicolas Anelka
Iker Casillas
Hugo Sánchez
Steve McManaman
Michael Owen
Raúl González
Antonio Cassano
Mesut Özil
 
Answer Stats
Answer % Correct
Arjen Robben
67%
David Beckham
59%
Ronaldo Nazário
28%
Mesut Özil
25%
Michael Owen
25%
Michael Owen
25%
Fabio Cannavaro
20%
Gonzalo Higuaín
15%
Antonio Cassano
11%
Hugo Sánchez
5%
No matching quizzes found
Score Distribution
Percent of People with Each Score
Percentile by Number Answered
Your Score History
You have not taken this quiz